Catálogo

Vista normal Vista MARC

Entrada Personal Name

Número de registros utilizados en: 1

001 - CONTROL NUMBER

  • control field: 15576

003 - CONTROL NUMBER IDENTIFIER

  • control field: DLC

005 - DATE AND TIME OF LATEST TRANSACTION

  • control field: 20240415103005.0

008 - FIXED-LENGTH DATA ELEMENTS

  • fixed length control field: 180109n| azannaabn |a aaa

010 ## - LIBRARY OF CONGRESS CONTROL NUMBER

  • LC control number: n 2017190072

035 ## - SYSTEM CONTROL NUMBER

  • System control number: (DNLM)1770669

040 ## - CATALOGING SOURCE

  • Original cataloging agency: DNLM
  • Language of cataloging: spa
  • Description conventions: rda
  • Transcribing agency: Mx-PuUPA
  • Modifying agency: Mx-PuUPA

100 1# - HEADING--PERSONAL NAME

  • Personal name: Barragán Becerra, Julián Andrés,

374 ## - OCCUPATION

  • Occupation: Autor

375 ## - GENDER

  • Gender: hombre

377 ## - ASSOCIATED LANGUAGE

  • Language code: eng

400 1# - SEE FROM TRACING--PERSONAL NAME

  • Personal name: Becerra, Julián Andrés Barragán

670 ## - SOURCE DATA FOUND

  • Source citation: Estrategia pedagógica participativa en educación para la salud, 2014:
  • Information found: title page (Julián Andrés Barragán Becerra) front flap (docente, gestor y investigador del grupo de Investigación Gestión y Calidad en Enfermeria)